Countries with the Most Millionaires per Capita - Statistics

General Stats
  • This quiz has been taken 95 times
  • The average score is 17 of 20
Answer Stats
% Country % Correct
32% Monaco
99%
5.4% United Kingdom
98%
9.7% United States of America
98%
5.6% France
92%
7.3% Sweden
92%
11.2% Australia
90%
5.6% Norway
90%
7.6% Canada
89%
10% Singapore
89%
16.3% Luxembourg
88%
15.5% Switzerland
88%
3.9% Germany
87%
8.5% Denmark
86%
8.5% Netherlands
86%
6.5% Belgium
83%
4.8% Ireland
82%
9.6% New Zealand
81%
3.7% Austria
79%
4.4% Taiwan
75%
3.6% Israel
61%
No matching quizzes found
Score Distribution
Percent of People with Each Score
Percentile by Number Answered
Your Score History
You have not taken this quiz